[Event "Winnipeg op"]
[Site "Winnipeg"]
[Date "2017.07.18"]
[Round "7"]
[White "Khedkar, Jay S"]
[Black "Beach, Brock"]
[Result "0-1"]
[WhiteElo "2027"]
[BlackElo "1869"]
[PlyCount "38"]
[EventDate "2017.06.06"]
[EventType "swiss"]
[EventRounds "8"]
[EventCountry "CAN"]
[SourceTitle "EXT 2022"]
[Source "ChessBase"]
[SourceDate "2021.10.06"]
[SourceVersion "1"]
[SourceVersionDate "2021.10.06"]
[SourceQuality "1"]

1. d4 Nf6 2. c4 e6 3. Nf3 b6 4. g3 Bb7 5. Bg2 c5 6. 0-0 Be7 7. Nc3 0-0 8. d5 exd5 9. Ne5 d6 10. Nxd5 Nxd5 11. Bxd5 Qc7 12. Ng4 Bxd5 13. Qxd5 Qc6 14. Ne3 Qxd5 15. Nxd5 Nc6 16. Bf4 Rad8 17. Rad1 Rfe8 18. Nc7 Rf8 19. e3 g5 0-1

[Event "Winnipeg op"]
[Site "Winnipeg"]
[Date "2017.06.13"]
[Round "2"]
[White "Beach, Brock"]
[Black "Wolchock, Theo"]
[Result "1-0"]
[WhiteElo "1869"]
[BlackElo "2103"]
[PlyCount "111"]
[EventDate "2017.06.06"]
[EventType "swiss"]
[EventRounds "8"]
[EventCountry "CAN"]
[SourceTitle "EXT 2022"]
[Source "ChessBase"]
[SourceDate "2021.10.06"]
[SourceVersion "1"]
[SourceVersionDate "2021.10.06"]
[SourceQuality "1"]

1. d4 Nf6 2. c4 e6 3. Nf3 c5 4. d5 b5 5. dxe6 fxe6 6. cxb5 d5 7. e3 Bb7 8. Nc3 Bd6 9. Be2 0-0 10. 0-0 Qe7 11. b3 Nbd7 12. Bb2 Rae8 13. Qc2 e5 14. e4 d4 15. Bc4+ Kh8 16. Nd5 Nxd5 17. exd5 Rxf3 18. gxf3 Qg5+ 19. Kh1 Qh5 20. Rg1 e4 21. f4 Bxf4 22. Rg2 Nf6 23. Qd1 Qxd1+ 24. Rxd1 Nxd5 25. a3 Nf6 26. Be2 d3 27. Bxf6 gxf6 28. Bg4 Re5 29. Be2 Bd5 30. Bg4 e3 31. fxe3 Bxg2+ 32. Kxg2 Rxe3 33. Bf5 Be5 34. Rxd3 Rxd3 35. Bxd3 Kg7 36. h3 h6 37. Kf3 Kf7 38. Bc4+ Ke7 39. Ke4 Bb2 40. a4 Bc3 41. Kd5 Bb4 42. Kc6 Kd8 43. Kb7 f5 44. Kxa7 Be1 45. b6 Bg3 46. b7 Bc7 47. b8Q+ Bxb8+ 48. Kxb8 f4 49. a5 h5 50. a6 h4 51. a7 f3 52. a8Q f2 53. Qd5+ Ke8 54. Qe6+ Kd8 55. Qf6+ Kd7 56. Bb5# 1-0

[Event "Winnipeg TNT March op"]
[Site "Winnipeg"]
[Date "2017.03.14"]
[Round "2.4"]
[White "Gannon, Keith"]
[Black "Beach, Brock"]
[Result "0-1"]
[WhiteElo "1593"]
[BlackElo "1866"]
[PlyCount "64"]
[EventDate "2017.03.07"]
[EventType "swiss"]
[EventRounds "4"]
[EventCountry "CAN"]
[SourceTitle "EXT 2022"]
[Source "ChessBase"]
[SourceDate "2021.10.06"]
[SourceVersion "1"]
[SourceVersionDate "2021.10.06"]
[SourceQuality "1"]

1. e4 e6 2. d4 d5 3. e5 c5 4. c4 cxd4 5. cxd5 Qxd5 6. Nf3 Nc6 7. Bd3 Bb4+ 8. Bd2 Nge7 9. Bxb4 Nxb4 10. Qa4+ Nec6 11. Qd1 Nxe5 12. 0-0 Nbxd3 13. Nxe5 Nxe5 14. Nd2 Bd7 15. Qb3 Bc6 16. Qxd5 Bxd5 17. Rfe1 Nc6 18. Ne4 Bxe4 19. Rxe4 0-0 20. a3 e5 21. f4 f5 22. Ree1 e4 23. b4 d3 24. Kf2 Nd4 25. Ra2 Rac8 26. g3 Rfe8 27. Re3 Rc2+ 28. Rxc2 dxc2 29. Rc3 e3+ 30. Rxe3 Rxe3 31. Kxe3 c1Q+ 32. Kxd4 Qxa3 0-1

[Event "Winnipeg TNT January op"]
[Site "Winnipeg"]
[Date "2015.06.27"]
[Round "4"]
[White "Trueman, Francis"]
[Black "Beach, Brock"]
[Result "0-1"]
[WhiteElo "1539"]
[BlackElo "1710"]
[PlyCount "70"]
[EventDate "2015.06.01"]
[EventType "swiss"]
[EventRounds "4"]
[EventCountry "CAN"]
[SourceTitle "EXT 2022"]
[Source "ChessBase"]
[SourceDate "2021.10.06"]
[SourceVersion "1"]
[SourceVersionDate "2021.10.06"]
[SourceQuality "1"]

1. Nf3 d5 2. d3 Nf6 3. Nbd2 Nc6 4. g3 e5 5. e4 dxe4 6. dxe4 a6 7. Bg2 Bc5 8. 0-0 0-0 9. c3 Re8 10. Qe2 Be6 11. Nc4 Bd7 12. h4 h6 13. Nh2 Qc8 14. Qf3 Ng4 15. Ne3 Nxe3 16. Bxe3 Bxe3 17. Qxe3 Be6 18. f3 Bh3 19. Rf2 Bxg2 20. Rxg2 Rd8 21. g4 Qe6 22. Kh1 Rd6 23. Rag1 Rad8 24. g5 h5 25. f4 exf4 26. Qxf4 g6 27. Nf3 Qxa2 28. e5 Rd3 29. Re2 Qd5 30. Re4 Qe6 31. Kh2 Nxe5 32. Rxe5 Rxf3 33. Qxf3 Qxe5+ 34. Kh1 Rd2 35. Rg2 Qe1+ 0-1

[Event "Winnipeg TNT January op"]
[Site "Winnipeg"]
[Date "2015.06.20"]
[Round "3.4"]
[White "Beach, Brock"]
[Black "Wasserman, Leor"]
[Result "0-1"]
[WhiteElo "1710"]
[BlackElo "2013"]
[PlyCount "64"]
[EventDate "2015.06.01"]
[EventType "swiss"]
[EventRounds "4"]
[EventCountry "CAN"]
[SourceTitle "EXT 2022"]
[Source "ChessBase"]
[SourceDate "2021.10.06"]
[SourceVersion "1"]
[SourceVersionDate "2021.10.06"]
[SourceQuality "1"]

1. d4 Nf6 2. c4 e5 3. dxe5 Ne4 4. Nf3 Nc6 5. Nbd2 Nc5 6. Nb3 Nxb3 7. axb3 Bb4+ 8. Bd2 Qe7 9. Bc3 Nxe5 10. Nxe5 Bxc3+ 11. bxc3 Qxe5 12. Qd4 d6 13. Qxe5+ dxe5 14. e4 Bd7 15. Bd3 Ke7 16. b4 Rhd8 17. Ke2 g6 18. Rhd1 a6 19. Ke3 f5 20. f3 f4+ 21. Kf2 g5 22. h3 h5 23. Be2 Be6 24. Ke1 Rg8 25. Kf2 g4 26. hxg4 hxg4 27. Ke1 gxf3 28. gxf3 Rg2 29. Bf1 Rg3 30. Kf2 Rh8 31. Be2 Rh2+ 32. Kf1 Rgg2 0-1

[Event "Winnipeg Memorial"]
[Site "Winnipeg"]
[Date "2014.12.16"]
[Round "6.6"]
[White "Beach, Brock"]
[Black "Schmidt, Lukas"]
[Result "1-0"]
[WhiteElo "1749"]
[BlackElo "1444"]
[PlyCount "75"]
[EventDate "2014.11.04"]
[EventType "swiss"]
[EventRounds "6"]
[EventCountry "CAN"]
[SourceTitle "EXT 2022"]
[Source "ChessBase"]
[SourceDate "2021.10.06"]
[SourceVersion "1"]
[SourceVersionDate "2021.10.06"]
[SourceQuality "1"]

1. e4 d6 2. d4 e6 3. Nc3 Ne7 4. f4 d5 5. e5 a6 6. Bd3 Nbc6 7. Nf3 Nb4 8. Be2 Nf5 9. a3 Nc6 10. Qd3 b5 11. Nd1 b4 12. Ne3 Nh4 13. 0-0 Nxf3+ 14. Rxf3 a5 15. Qd1 bxa3 16. bxa3 Bb7 17. Rb1 Qb8 18. Bb5 Qa7 19. Ng4 Be7 20. Rc3 Rb8 21. Bxc6+ Bxc6 22. Rxb8+ Qxb8 23. Rxc6 0-0 24. Rc3 Rc8 25. Rh3 c5 26. Qd3 g6 27. Nf6+ Bxf6 28. exf6 cxd4 29. Qxd4 Rxc2 30. Rc3 Rxc3 31. Qxc3 Qd8 32. Bd2 d4 33. Qxa5 Qxf6 34. Qe5 Qe7 35. Bb4 Qd7 36. Qb8+ Kg7 37. Bf8+ Kf6 38. Qe5# 1-0

[Event "Winnipeg Memorial"]
[Site "Winnipeg"]
[Date "2014.11.04"]
[Round "1.6"]
[White "Beach, Brock"]
[Black "Trueman, Francis"]
[Result "1/2-1/2"]
[WhiteElo "1749"]
[BlackElo "1469"]
[PlyCount "30"]
[EventDate "2014.11.04"]
[EventType "swiss"]
[EventRounds "6"]
[EventCountry "CAN"]
[SourceTitle "EXT 2022"]
[Source "ChessBase"]
[SourceDate "2021.10.06"]
[SourceVersion "1"]
[SourceVersionDate "2021.10.06"]
[SourceQuality "1"]

1. e4 c5 2. Nf3 Nc6 3. Bb5 e6 4. 0-0 Nf6 5. Re1 Qc7 6. c3 Be7 7. d4 a6 8. Bf1 cxd4 9. cxd4 d5 10. e5 Nd7 11. Nc3 b5 12. a3 Nb6 13. Bd3 Na5 14. Bd2 Bd7 15. Be2 0-0 1/2-1/2

[Event "Winnipeg TNT September op"]
[Site "Winnipeg"]
[Date "2014.09.09"]
[Round "1.4"]
[White "Beach, Brock"]
[Black "Lipnowski, Samuel"]
[Result "0-1"]
[WhiteElo "1727"]
[BlackElo "2220"]
[PlyCount "44"]
[EventDate "2014.09.09"]
[EventType "swiss"]
[EventRounds "4"]
[EventCountry "CAN"]
[SourceTitle "EXT 2022"]
[Source "ChessBase"]
[SourceDate "2021.10.06"]
[SourceVersion "1"]
[SourceVersionDate "2021.10.06"]
[SourceQuality "1"]

1. e4 e5 2. Nf3 Nc6 3. Bb5 Nf6 4. 0-0 Nxe4 5. Re1 Nd6 6. Nxe5 Nxe5 7. Rxe5+ Be7 8. Ba4 0-0 9. Nc3 Bf6 10. Re1 c6 11. Ne4 Nxe4 12. Rxe4 d5 13. Re1 Bf5 14. c3 d4 15. Qf3 Qd7 16. h3 Rae8 17. Rxe8 Rxe8 18. Kf1 Qe6 19. Qd1 Bd3+ 20. Kg1 Qe1+ 21. Qxe1 Rxe1+ 22. Kh2 Be5+ 0-1

[Event "Winnipeg Yanofsky Memorial U1800"]
[Site "Winnipeg"]
[Date "2014.08.31"]
[Round "4"]
[White "Remillard, John"]
[Black "Beach, Brock"]
[Result "1/2-1/2"]
[WhiteElo "1660"]
[BlackElo "1588"]
[PlyCount "84"]
[EventDate "2014.08.29"]
[EventType "swiss"]
[EventRounds "5"]
[EventCountry "CAN"]
[SourceTitle "EXT 2022"]
[Source "ChessBase"]
[SourceDate "2021.10.06"]
[SourceVersion "1"]
[SourceVersionDate "2021.10.06"]
[SourceQuality "1"]

1. e4 c6 2. d4 d5 3. exd5 cxd5 4. Nc3 Nc6 5. Bb5 a6 6. Bxc6+ bxc6 7. Nge2 Nf6 8. 0-0 Bf5 9. Ng3 Bg6 10. Bg5 e6 11. a3 Be7 12. Nce2 h6 13. Be3 0-0 14. Nf4 Bh7 15. f3 Qb6 16. b3 c5 17. Nge2 cxd4 18. Bxd4 Bc5 19. Bf2 Bxf2+ 20. Rxf2 Rfc8 21. Rc1 Rc7 22. g3 Rac8 23. c3 a5 24. Kg2 Rb7 25. b4 axb4 26. cxb4 Rbc7 27. Rxc7 Rxc7 28. Nc1 Qc6 29. Nfd3 e5 30. Nc5 d4 31. Kg1 Nd7 32. N1b3 f6 33. Nxd7 Rxd7 34. Nc5 Rd8 35. Qb3+ Kh8 36. a4 d3 37. Qd1 Qd6 38. Rd2 Qd4+ 39. Kg2 Qxb4 40. Nxd3 Bxd3 41. Rxd3 Rxd3 42. Qxd3 Qxa4 1/2-1/2